| 000 | 00686cam a22002534a 4500 | ||
|---|---|---|---|
| 003 | UPN | ||
| 005 | 20220905063541.0 | ||
| 008 | 030313s2002 es r 000 f spa d | ||
| 020 | _a8433920715 | ||
| 035 | _aUPN01000122873 | ||
| 040 |
_aUPN _bspa _cUPN |
||
| 049 | _aCG | ||
| 050 | 4 |
_aPQ8179 G6.7 _bC6.5a 2002 |
|
| 100 | 1 |
_aGarcía Márquez, Gabriel, _d1928-2014 _929800 |
|
| 245 | 1 | 3 |
_aEl coronel no tiene quien le escriba / _cGabriel García Márquez. |
| 250 | _a8a ed. | ||
| 260 |
_aBarcelona, Esp. : _bAnagrama, _c2002. |
||
| 300 | _a110 p. | ||
| 490 |
_aCompactos ; _v67 |
||
| 650 | 0 |
_aNovela colombiana _95359 |
|
| 902 | _aBDV/rrl | ||
| 905 | _aLibro | ||
| 942 |
_2lcc _cLIBRO |
||
| 999 |
_c95056 _d95056 |
||